000 00887nam a2200301Ia 4500
001 5623
003 IT-RoPAU
008 130308s9999 xx 000 0 und d
040 _aIT-RoPAU
040 _cIT-RoPAU
041 _aITALIANO
100 _aKant Immanuel
100 _gCodice Aut. SPICS: 5150
245 _aCritica della ragione e il problema dell'esperienza estetica (La)
245 _bEstetica moderna
250 _a1a ed.
260 _aBOLOGNA
260 _bIl Mulino
260 _c1977 [1° Ed.:1977 - Ed.Ling.Originale:1790]
300 _a"25 p. (prefazione: no ; testo: 25 [pagine: 61-85])"
500 _aAnalitica del bello giudizio di gusto Piacevole buono Analitica del sublime Arte Natura Genio
650 _aTEORIA/LINGUAGGI DI ESTETOLOGIA
650 _eCodice materia Spics: 5103
942 _cBK
957 _71
999 _c47405
_d47405
999 _bSI
999 _g1